| 000 | 00512nam a2200181Ia 4500 | ||
|---|---|---|---|
| 008 | 230917s9999||||xx |||||||||||||| ||und|| | ||
| 020 | _cRS2995 | ||
| 040 |
_e224336 _aMAIN |
||
| 041 | _aEnglish | ||
| 082 | _a660.6024576 B218M(2) | ||
| 100 | _aDemain, Arnold L, ed. | ||
| 245 | 0 | _aManual of Industrial microbiology and biotechnology | |
| 250 | _a2nd ed. | ||
| 260 |
_aWashington, DC _bASM Press _c2004 |
||
| 300 | _axv, 830 p. | ||
| 500 | _a1936 05/02/2015 PBD16/11674 08/11/2016 Main Budget | ||
| 942 | _cBK | ||
| 999 |
_c14531 _d14531 |
||